|
|
|
|
| LEADER |
01464nam a2200301 i 4500 |
| 001 |
GR-MES11094 |
| 003 |
GR-PaULI |
| 005 |
20250124135724.0 |
| 008 |
061121s gr b 000 0 gre d |
| 020 |
|
|
|a 9603751332
|
| 040 |
|
|
|a GR-PaULI
|b gre
|c GR-PaULI
|e AACR2
|
| 040 |
|
|
|a GrPaTEI
|b gre
|c GR-PaULI
|
| 041 |
1 |
|
|a gre
|h eng
|
| 082 |
0 |
4 |
|a 306.43
|2 23
|
| 100 |
1 |
|
|a Blackledge, David
|e συγγραφέας
|
| 245 |
1 |
0 |
|a Κοινωνιολογία της εκπαίδευσης /
|c David Blackledge, Barry Hunt ; μετάφραση Μαρία Δεληγιάννη.
|
| 260 |
|
|
|a Αθήνα :
|b Μεταίχμιο,
|c c1994.
|
| 300 |
|
|
|a 533σ. ;
|c 20εκ.
|
| 490 |
0 |
|
|a Επιστήμες της Αγωγής/Κοινωνιολογία-Πολιτική της εκπαίδευσης / Μεταίχμιο
|
| 500 |
|
|
|a Τίτλος πρωτοτύπου : Sociological interpretations of education.
|
| 504 |
|
|
|a Περιλαμβάνει βιβλιογραφία.
|
| 650 |
|
4 |
|a Εκπαίδευση και κοινωνία
|9 52144
|
| 700 |
1 |
4 |
|a Hunt, Barry
|q (Barry Dennis),
|d 1937-
|9 199757
|e συγγραφέας
|
| 700 |
1 |
|
|a Δεληγιάννη, Μαρία
|9 43730
|e μεταφράστρια
|
| 942 |
|
|
|2 ddc
|c BK15
|
| 952 |
|
|
|0 0
|1 0
|2 ddc
|4 0
|6 306_430000000000000_BLA
|7 0
|9 270273
|a MSLG
|b MSLG
|c BSC
|d 2021-01-17
|e 24
|f 0
|g 0.00
|l 0
|o 306.43 BLA
|p 2420000020941
|r 2021-01-17 00:00:00
|t 1
|w 2021-01-17
|y BK15
|x 20061121 0 1
|x GrPaTEI
|
| 998 |
|
|
|c ΜΑΝΙΑ
|d 2025-01
|
| 999 |
|
|
|c 156080
|d 156080
|